000
00275 a2200121 4500
001
146706
040
_c
Escola São Tomás de Aquino
100
_a
HIRATSUKA, Lúcia
240
1
0
_a
Urashima Taro
_l
por
245
1
0
_a
Urashima Taro
697
_a
*LITERATURA INFANTO
942
_c
BK
999
_c
146706
_d
146706